| 000 | 00938nam a22002177a 4500 | ||
|---|---|---|---|
| 001 | 000202958 | ||
| 003 | AM-YeHGA | ||
| 005 | 20250617124006.0 | ||
| 008 | 990913s1977 ru ||||| |||| 00| 0 rus d | ||
| 040 | _aAM-YeHGA | ||
| 041 | 0 | _arus | |
| 100 | 1 | _aЗимина, Вера Григорьевна | |
| 245 | 1 | 0 |
_aФлора ранней и начала поздней перми Южного Приморья / _cВ.Г. Зимина ; Отв. ред. А.Г. Аблаев ; АН СССР. Дальневосточный научный центр. Дальневосточный геологический ин-т. |
| 260 | 0 |
_aМосква : _bНаука, _c1977. |
|
| 300 |
_a128 с. : _bил. |
||
| 650 | 1 | 4 | _aПалеоботаника |
| 700 | 1 |
_aАблаев, А.Г. _4edt _eред. |
|
| 710 | 2 | _aДальневосточный геологический институт ДНЦ АН СССР | |
| 942 |
_2udc _cBK |
||
| 090 | _c71432 | ||
| 999 |
_c70238 _d70238 |
||